<?xml version="1.0" encoding="UTF-8"?><?xml-stylesheet type="text/xsl" href="static/style.xsl"?><OAI-PMH xmlns="http://www.openarchives.org/OAI/2.0/" xmlns:xsi="http://www.w3.org/2001/XMLSchema-instance" xsi:schemaLocation="http://www.openarchives.org/OAI/2.0/ http://www.openarchives.org/OAI/2.0/OAI-PMH.xsd"><responseDate>2026-06-02T16:18:06Z</responseDate><request verb="GetRecord" identifier="oai:riuma.uma.es:10630/26924" metadataPrefix="marc">https://riuma.uma.es/rest/oai/request</request><GetRecord><record><header><identifier>oai:riuma.uma.es:10630/26924</identifier><datestamp>2026-02-03T12:18:39Z</datestamp><setSpec>com_10630_2254</setSpec><setSpec>col_10630_37959</setSpec></header><metadata><record xmlns="http://www.loc.gov/MARC21/slim" xmlns:dcterms="http://purl.org/dc/terms/" xmlns:doc="http://www.lyncode.com/xoai" xmlns:xsi="http://www.w3.org/2001/XMLSchema-instance" xsi:schemaLocation="http://www.loc.gov/MARC21/slim http://www.loc.gov/standards/marcxml/schema/MARC21slim.xsd">
   <leader>00925njm 22002777a 4500</leader>
   <datafield ind2=" " ind1=" " tag="042">
      <subfield code="a">dc</subfield>
   </datafield>
   <datafield ind2=" " ind1=" " tag="720">
      <subfield code="a">Pérez-Ordóñez, Cristina de los Ángeles</subfield>
      <subfield code="e">author</subfield>
   </datafield>
   <datafield ind2=" " ind1=" " tag="720">
      <subfield code="a">Castro-Martínez, Andrea</subfield>
      <subfield code="e">author</subfield>
   </datafield>
   <datafield ind2=" " ind1=" " tag="720">
      <subfield code="a">Díaz-Morilla, Pablo</subfield>
      <subfield code="e">author</subfield>
   </datafield>
   <datafield ind2=" " ind1=" " tag="260">
      <subfield code="c">2022-07</subfield>
   </datafield>
   <datafield ind2=" " ind1=" " tag="520">
      <subfield code="a">Los festivales de música vuelven este 2022 a celebrarse con total normalidad, dejando atrás las restricciones y limitaciones impuestas durante la pandemia del Coronavirus. Miles de músicos y artistas vuelven a girar por todo el planeta para reencontrarse con sus fans y con la música en directo. Sin embargo, y a pesar de estar inmersos en la cuarta ola feminista y de las reclamaciones de mujeres de todo el mundo, tendremos que seguir esperando para ver paridad sobre los escenarios de los festivales. Este trabajo analiza la presencia de las mujeres artistas en los diez festivales europeos más multitudinarios, constatando la gran desigualdad en el sector. Además se estudian algunas de las iniciativas desarrolladas en Europa por distintas instituciones para promover la igualdad de género.</subfield>
   </datafield>
   <datafield ind1="8" ind2=" " tag="024">
      <subfield code="a">https://hdl.handle.net/10630/26924</subfield>
   </datafield>
   <datafield tag="653" ind2=" " ind1=" ">
      <subfield code="a">Festivales musicales - Congresos</subfield>
   </datafield>
   <datafield ind2="0" ind1="0" tag="245">
      <subfield code="a">El retorno de los festivales tras la Covid-19, la vuelta a las desigualdades: análisis de la presencia de la mujer en los prin-cipales festivales de música moderna</subfield>
   </datafield>
</record>
</metadata></record></GetRecord></OAI-PMH>